Normal view
MARC view
- Muhammad Ahmed Ullah Khan, Mohammad Azfar Usman Khan, Malik Muhammad Usman
Entry Personal Name
001 - CONTROL NUMBER
- control field: 4071
003 - CONTROL NUMBER IDENTIFIER
- control field: NUST
005 - DATE AND TIME OF LATEST TRANSACTION
- control field: 20170823154359.0
008 - FIXED-LENGTH DATA ELEMENTS
- fixed length control field: 170823|| aca||aabn | a|a d
040 ## - CATALOGING SOURCE
- Original cataloging agency: NUST
- Transcribing agency: NUST
100 ## - HEADING--PERSONAL NAME
- Personal name: Muhammad Ahmed Ullah Khan, Mohammad Azfar Usman Khan, Malik Muhammad Usman
670 ## - SOURCE DATA FOUND
- Source citation: Work cat.: (NUST): Muhammad Ahmed Ullah Khan, Mohammad Azfar Usman Khan, Malik Muhammad Usman, VioLess: A vision based violence detection system, 2017
